000 00395pab a2200157 454500
008 180718b1996 xxu||||| |||| 00| 0 eng d
100 _aMarlow, Alan
245 _aSome educational consequences of police reform in the United Kingdom
260 _c1996
300 _ap.311-18
362 _aOct-Dec
650 _aPolice
700 _aBeagle, Pat
773 _aPolice Journal
909 _a33303
999 _c33303
_d33303